| 000 | 00000nam 2200000za 4500 |
| 001 | 9.633699 |
| 003 | CaOODSP |
| 005 | 20210624215442 |
| 007 | cr ||||||||||| |
| 008 | 150407s2007 onc|||||o f|0| 0 fre d |
| 020 | |a978-0-662-73479-6 |
| 040 | |aCaOODSP|bfre |
| 043 | |an-cn--- |
| 086 | 1 |aSW21-22/2007F-PDF |
| 086 | 1 |aCS11-523/2007F-PDF |
| 100 | 1 |aAlmey, Marcia. |
| 245 | 10|aÀ la recherche de données sur les femmes |h[ressource électronique] : |bles principales sources à Statistique Canada / |cpar Marcia Almey; produit par Statistique Canada à l'intention de Condition féminine Canada. |
| 260 | |a[Ottawa] : |bCondition féminine Canada, |c2007. |
| 300 | |a148 p. |
| 504 | |aComprend des réf. bibliogr. |
| 520 | 3 |aCe guide traite des sources de données sur les femmes de Statistique Canada, le principal fournisseur de données ventilées selon le sexe au Canada. On n'y trouvera pas de statistiques comme tel; plutôt, ce guide comprend des informations sur comment et où retrouver les statistiques touchant les sujets économiques, sociaux et juridiques se rapportant à l'égalité entre les femmes et les hommes. |
| 590 | |a07-14|b2007-04-05 |
| 691 | 07|aFemme|2gcpds |
| 710 | 1 |aCanada.|bCondition féminine Canada. |bRecherche en matière de politiques. |
| 775 | 08|tFinding data on women |w(CaOODSP)9.689281 |
| 776 | 0#|tFinding data on women : |w(CaOODSP)9.668369 |
| 776 | 0#|tÀ la recherche de données sur les femmes : |w(CaOODSP)9.668370 |
| 795 | |tÀ la recherche de données sur les femmes |w(CaOODSP)9.632887 |
| 856 | 40|ahttp://publications.gc.ca|qPDF|s686 Ko|uhttps://publications.gc.ca/collections/Collection/SW21-22-2007F.pdf |